Все фильмы Тарантино - Statistics

General Stats
  • This quiz has been taken 23 times
    21 since last reset
  • The average score is 8 of 11
Answer Stats
Hint Answer % Correct
2009 Бесславные ублюдки
100%
1994 Криминальное чтиво
90%
2003 Убить Билла
90%
2004 Убить Билла 2
90%
2019 Однажды в Голливуде
86%
2015 Омерзительная восьмерка
76%
2012 Джанго освобожденный
71%
1991 Бешеные псы
62%
1995 Четыре комнаты
43%
2007 Доказательство смерти
43%
1997 Джеки Браун
38%
No matching quizzes found
Score Distribution
Percent of People with Each Score
Percentile by Number Answered
Your Score History
You have not taken this quiz since the last reset